Spanish history quiz - Statistics

General Stats
  • This quiz has been taken 46 times
  • The average score is 5 of 15
Answer Stats
Hint Answer % Correct
The year of expulsion of Jews from Spain 1492
62%
The king of Spain, who also became the emperor Charles V
54%
The conqueror of Inca empire Pizarro
54%
The capital of their kingdom Toledo
51%
Germanic tribe that invaded Spain in 409 Visigoths
51%
The first Spanish king from Bourbon dynasty Philip V
43%
The first capital of kingdom of Asturias Oviedo
38%
Prime minister of Spain 1923-1930 Primo de Rivera
35%
Kingdom annexed in 1512 by Ferdinand of Aragon Navarre
32%
The leader of Muslim invasion of 711 Tariq
24%
Site of the decisive battle against Muslims in 1212 Las Navas de Tolosa
14%
Muslim leader who sacked Santiago de Compostela in 997 Almanzor
11%
Spanish administrative centre in the Cariebban Santo Domingo
11%
City in Spain conquered by Hannibal Sagunto
8%
His grand chancellor during 1521-1530 Gattinara
0%
No matching quizzes found
Score Distribution
Percent of People with Each Score
Percentile by Number Answered
Your Score History
You have not taken this quiz